000 00498nam a2200169Ia 4500
005 20250508155525.0
008 008 250505s9999 xx 000 0 eng d
037 _aBooks to be hide in OPAC
040 _aFEDL
_beng
_cFEDL
041 _aeng
_2eng
084 _a362.7, INT/O
_qFEDL
245 0 _a8th inter university youth festival 1962
245 0 _cIndia, Government Of.... Education (Ministry Of...)
300 _a9p.
942 _cHB
_h362.7, INT/O
999 _c1357410
_d1357410